<?xml version="1.0" encoding="UTF-8"?>
<record
    xmlns:xsi="http://www.w3.org/2001/XMLSchema-instance"
    xsi:schemaLocation="http://www.loc.gov/MARC21/slim http://www.loc.gov/standards/marcxml/schema/MARC21slim.xsd"
    xmlns="http://www.loc.gov/MARC21/slim">

  <leader>01468nam a22002897a 4500</leader>
  <datafield tag="999" ind1=" " ind2=" ">
    <subfield code="c">121969</subfield>
    <subfield code="d">121969</subfield>
  </datafield>
  <controlfield tag="003">dpl</controlfield>
  <controlfield tag="005">20190220114527.0</controlfield>
  <controlfield tag="008">190220b           ||||| |||| 00| 0 eng d</controlfield>
  <datafield tag="010" ind1=" " ind2=" ">
    <subfield code="a">B-063905</subfield>
  </datafield>
  <datafield tag="020" ind1=" " ind2=" ">
    <subfield code="c">100.00</subfield>
  </datafield>
  <datafield tag="035" ind1=" " ind2=" ">
    <subfield code="a">B-063905. B-063903</subfield>
  </datafield>
  <datafield tag="037" ind1=" " ind2=" ">
    <subfield code="b">Cen Lib/Ret</subfield>
  </datafield>
  <datafield tag="040" ind1=" " ind2=" ">
    <subfield code="a">DPL</subfield>
    <subfield code="b">HN</subfield>
    <subfield code="c">0</subfield>
  </datafield>
  <datafield tag="082" ind1=" " ind2=" ">
    <subfield code="a">823.08</subfield>
    <subfield code="b">&#x938;&#x93E;&#x902;&#x915;&#x943;&#x924;&#x94D;&#x92F;</subfield>
  </datafield>
  <datafield tag="245" ind1=" " ind2=" ">
    <subfield code="a">&#x930;&#x93E;&#x939;&#x941;&#x932; &#x915;&#x925;&#x93E; &#x938;&#x93E;&#x939;&#x93F;&#x924;&#x94D;&#x92F; /</subfield>
    <subfield code="c">&#x938;&#x902;&#x92A;&#x93E;&#x926;&#x915; &#x917;&#x94B;&#x935;&#x93F;&#x928;&#x94D;&#x926; &#x91A;&#x928;&#x94D;&#x926;&#x94D;&#x930; &#x92A;&#x93E;&#x923;&#x94D;&#x921;&#x947;, &#x909;&#x926;&#x92F; &#x936;&#x902;&#x915;&#x930; &#x924;&#x93F;&#x935;&#x93E;&#x930;&#x940; [&#x914;&#x930;] &#x915;&#x943;&#x92A;&#x93E; &#x936;&#x902;&#x915;&#x930; &#x92A;&#x93E;&#x923;&#x94D;&#x921;&#x947;</subfield>
  </datafield>
  <datafield tag="246" ind1=" " ind2=" ">
    <subfield code="a">Rahul katha sahitya</subfield>
    <subfield code="b">by Govind Chandr Panday, Uday Sankar Tiwari [and] Kripa Sankar Panday</subfield>
  </datafield>
  <datafield tag="260" ind1=" " ind2=" ">
    <subfield code="a">&#x907;&#x932;&#x93E;&#x939;&#x93E;&#x92C;&#x93E;&#x926;</subfield>
    <subfield code="b">&#x907;&#x932;&#x93E;&#x939;&#x93E;&#x92C;&#x93E;&#x926; &#x938;&#x902;&#x917;&#x94D;&#x930;&#x939;&#x93E;&#x932;&#x92F;</subfield>
    <subfield code="c">1994</subfield>
  </datafield>
  <datafield tag="270" ind1=" " ind2=" ">
    <subfield code="a">&#x928;&#x93F;&#x930;&#x94D;&#x926;&#x947;&#x936;&#x915;, &#x907;&#x932;&#x93E;&#x939;&#x93E;&#x92C;&#x93E;&#x926; &#x938;&#x902;&#x917;&#x94D;&#x930;&#x939;&#x93E;&#x932;&#x92F;, &#x907;&#x932;&#x93E;&#x939;&#x93E;&#x92C;&#x93E;&#x926; &#x91A;&#x928;&#x94D;&#x926;&#x94D;&#x930;&#x936;&#x947;&#x916;&#x930; &#x906;&#x91C;&#x93E;&#x926; &#x92A;&#x93E;&#x930;&#x94D;&#x915;, </subfield>
    <subfield code="b">&#x907;&#x932;&#x93E;&#x939;&#x93E;&#x92C;&#x93E;&#x926;</subfield>
    <subfield code="e">299002</subfield>
  </datafield>
  <datafield tag="300" ind1=" " ind2=" ">
    <subfield code="a">134&#x92A;&#x943;.</subfield>
    <subfield code="c">20&#x938;&#x91C;&#x93F;&#x932;&#x94D;&#x926;</subfield>
  </datafield>
  <datafield tag="650" ind1=" " ind2=" ">
    <subfield code="a">&#x939;&#x93F;&#x902;&#x926;&#x940; &#x938;&#x93E;&#x939;&#x93F;&#x924;&#x94D;&#x92F;</subfield>
    <subfield code="9">117535</subfield>
  </datafield>
  <datafield tag="650" ind1=" " ind2=" ">
    <subfield code="a">&#x915;&#x925;&#x93E; &#x938;&#x93E;&#x939;&#x93F;&#x924;&#x94D;&#x92F;</subfield>
    <subfield code="9">4735</subfield>
  </datafield>
  <datafield tag="650" ind1=" " ind2=" ">
    <subfield code="a">Hindi litericher</subfield>
    <subfield code="9">117536</subfield>
  </datafield>
  <datafield tag="650" ind1=" " ind2=" ">
    <subfield code="a">hindi- novel</subfield>
    <subfield code="9">117537</subfield>
  </datafield>
  <datafield tag="700" ind1=" " ind2=" ">
    <subfield code="a">&#x924;&#x93F;&#x935;&#x93E;&#x930;&#x940;, &#x909;&#x926;&#x92F; &#x936;&#x902;&#x915;&#x930;</subfield>
    <subfield code="9">46829</subfield>
  </datafield>
  <datafield tag="700" ind1=" " ind2=" ">
    <subfield code="a">&#x92A;&#x93E;&#x923;&#x94D;&#x921;&#x947;, &#x915;&#x943;&#x92A;&#x93E; &#x936;&#x902;&#x915;&#x930;</subfield>
    <subfield code="9">117538</subfield>
  </datafield>
  <datafield tag="942" ind1=" " ind2=" ">
    <subfield code="2">ddc</subfield>
    <subfield code="c">HN</subfield>
    <subfield code="h">823.08</subfield>
    <subfield code="m">&#x938;&#x93E;&#x902;&#x915;&#x943;&#x924;&#x94D;&#x92F;</subfield>
  </datafield>
  <datafield tag="952" ind1=" " ind2=" ">
    <subfield code="0">0</subfield>
    <subfield code="1">0</subfield>
    <subfield code="4">0</subfield>
    <subfield code="7">0</subfield>
    <subfield code="a">L</subfield>
    <subfield code="b">L</subfield>
    <subfield code="d">2016-01-04</subfield>
    <subfield code="e">Cen Lib/Ret</subfield>
    <subfield code="g">100.00</subfield>
    <subfield code="l">0</subfield>
    <subfield code="o">823.08 &#x938;&#x93E;&#x902;&#x915;&#x943;&#x924;&#x94D;&#x92F;</subfield>
    <subfield code="p">B-063905</subfield>
    <subfield code="r">2016-01-04 00:00:00</subfield>
    <subfield code="t">1</subfield>
    <subfield code="v">100.00</subfield>
    <subfield code="w">2016-01-04</subfield>
    <subfield code="y">HN</subfield>
  </datafield>
  <datafield tag="952" ind1=" " ind2=" ">
    <subfield code="0">0</subfield>
    <subfield code="1">0</subfield>
    <subfield code="2">ddc</subfield>
    <subfield code="4">0</subfield>
    <subfield code="7">0</subfield>
    <subfield code="8">NFIC</subfield>
    <subfield code="a">BL4</subfield>
    <subfield code="b">BL4</subfield>
    <subfield code="d">2019-02-20</subfield>
    <subfield code="e">BPPD/PUB</subfield>
    <subfield code="g">100.00</subfield>
    <subfield code="l">0</subfield>
    <subfield code="o">823.08 &#x938;&#x93E;&#x902;&#x915;&#x943;&#x924;&#x94D;&#x92F;</subfield>
    <subfield code="p">B-063903</subfield>
    <subfield code="r">2019-02-20 00:00:00</subfield>
    <subfield code="v">100.00</subfield>
    <subfield code="w">2019-02-20</subfield>
    <subfield code="y">HN</subfield>
  </datafield>
</record>
